000 00984nam a2200253 a 4500
001 BRCA_6609
005 20190320205526.0
008 081010c1964----ag-af#####---#000-0#spa-#
041 _aspa
044 _aag
050 4 _aND553
_b.P56 74 1964
245 1 0 _aMasolino da Panicale
_cmonografía por María Adelaida Bianchini ; traducción por Jesús López Pacheco ; el juicio del siglo XX, por María Inés Rivera.
260 _aArgentina
_bCodex
_c[1964]
300 _a1 v. (sin paginación)
_bil., 16 láminas a color
_c36 cm.
440 0 _aPinacoteca de los genios : la más grandiosa colección de arte del mundo
_v74
_916524
500 _aIncluye índice de ilustraciones
500 _aDonación Dra. Elsa Barberena
600 1 4 _aMasolino da Panicale
_d1383-1440
_qTommaso di Cristoforo Fini
_916525
700 1 _aBianchini, María Adelaida
_916526
700 1 _aRivera, María Inés
_916527
700 1 _aLópez Pacheco, Jesús
_etr.
_916528
902 _aDEB
942 _2lcc
_cB
999 _c6293
_d6293